Normal view
MARC view
- Chopping,David ؛ consultant: Len Skerratt
Entry Personal Name
001 - CONTROL NUMBER
- control field: 3397
003 - CONTROL NUMBER IDENTIFIER
- control field: JO-AjAnu
005 - DATE AND TIME OF LATEST TRANSACTION
- control field: 20230606070847.0
008 - FIXED-LENGTH DATA ELEMENTS
- fixed length control field: 230606|| aca||aabn | a|a d
040 ## - CATALOGING SOURCE
- Original cataloging agency: JO-AjAnu
- Transcribing agency: JO-AjAnu
100 ## - HEADING--PERSONAL NAME
- Personal name: Chopping,David ؛ consultant: Len Skerratt
670 ## - SOURCE DATA FOUND
- Source citation: Work cat.: (JO-AjAnu)1774: Chopping,David ؛ consultant: Len Skerratt, author, Applying Gaap 1994/1995: A Practical Guide to Financial Reporting